Guess The Film From the Year and Director - Statistics

General Stats
  • This quiz has been taken 63 times
  • The average score is 12 of 25
Answer Stats
Hint Answer % Correct
James Cameron - 2009 Avatar
89%
Francis Ford Coppola - 1972 The Godfather
87%
Quentin Tarentino - 1994 Pulp Fiction
77%
Christopher Nolan - 2008 The Dark Knight
72%
Stanley Kubrick - 1980 The Shining
68%
Steven Spielberg - 1993 Jurassic Park
62%
Martin Scorsese - 2013 The Wolf Of Wall Street
62%
David Fincher - 1995 Seven
57%
Brian De Palma - 1983 Scarface
55%
Orson Wells - 1941 Citizen Kane
53%
Peter Jackson - 2012 The Hobbit
53%
Wes Craven - 1996 Scream
49%
The Russo Brothers - 2019 Avengers: Endgame
45%
Tim Burton - 1990 Edward Scissorhands
45%
Ridley Scott - 2000 Gladiator
42%
George Lucas - 1977 Star Wars: A New Hope
42%
Alfred Hitchcock - 1954 Rear Window
38%
Edgar Wright - 2017 Baby Driver
34%
Frank Darabont - 1999 The Green Mile
34%
Paul Thomas Anderson - 2007 There Will Be Blood
34%
Ivan Reitman - 1984 GhostBusters
30%
Steven Spderbergh - 2001 Oceans 11
30%
Chris Columbus - 2001 Harry Potter and the Philosopher's Stone
25%
John Mctiernan - 1989 Die Hard
23%
Harold Ramis - 1993 Groundhog Day
23%
No matching quizzes found
Score Distribution
Percent of People with Each Score
Percentile by Number Answered
Your Score History
You have not taken this quiz